[Event "Niedersachsen-chT U16"]
[Site "Verden"]
[Date "2004.05.22"]
[Round "6.4"]
[White "Rommel, Florian"]
[Black "Raulf, Marie Kristin"]
[Result "1/2-1/2"]
[WhiteElo "1108"]
[BlackElo "1153"]
[PlyCount "75"]
[EventDate "2004.05.20"]
[EventType "team"]
[EventRounds "7"]
[EventCountry "GER"]
[SourceTitle "EXT 2005"]
[Source "ChessBase"]
[SourceDate "2004.11.15"]
[SourceVersion "1"]
[SourceVersionDate "2004.11.15"]
[SourceQuality "1"]
[WhiteTeam "05"]
[BlackTeam "07"]
[WhiteTeamCountry "GER"]
[BlackTeamCountry "GER"]

1. e4 e6 2. Nc3 d5 3. d4 Nc6 4. Nf3 Bb4 5. Bd3 Nge7 6. 0-0 0-0 7. a3 Ba5 8. Bg5 f6 9. Bd2 e5 10. Nb5 Bxd2 11. Qxd2 a6 12. Nc3 exd4 13. Ne2 Bg4 14. Qf4 Bxf3 15. Qxf3 Ne5 16. Qg3 c5 17. c3 dxc3 18. Nf4 Qd6 19. exd5 Nxd5 20. Nxd5 Qxd5 21. Bc2 cxb2 22. Rab1 Nc4 23. Rfd1 Qe6 24. Bb3 Rfe8 25. Qc3 b5 26. a4 Re7 27. Re1 Qf7 28. Rxb2 Rae8 29. Rbb1 Rxe1+ 30. Rxe1 Rxe1+ 31. Qxe1 bxa4 32. Ba2 Kf8 33. Qe2 Qd7 34. Qxc4 Qd1+ 35. Qf1 Qxf1+ 36. Kxf1 Ke7 37. Ke2 Kd6 38. Kd3 1/2-1/2